Democratic autonomy and women’s revolution in Rojava (notice n° 1664939)
[ vue normale ]
| 000 -LEADER | |
|---|---|
| fixed length control field | 01836cam a2200157 4500500 |
| 005 - DATE AND TIME OF LATEST TRANSACTION | |
| control field | 20260222001853.0 |
| 041 ## - LANGUAGE CODE | |
| Language code of text/sound track or separate title | fre |
| 042 ## - AUTHENTICATION CODE | |
| Authentication code | dc |
| 100 10 - MAIN ENTRY--PERSONAL NAME | |
| Personal name | L’Académie de Jinéologie |
| Relator term | author |
| 245 00 - TITLE STATEMENT | |
| Title | Democratic autonomy and women’s revolution in Rojava |
| 260 ## - PUBLICATION, DISTRIBUTION, ETC. | |
| Date of publication, distribution, etc. | 2026.<br/> |
| 500 ## - GENERAL NOTE | |
| General note | 30 |
| 520 ## - SUMMARY, ETC. | |
| Summary, etc. | The article explores the unique political and social experiment in Rojava (northern and eastern Syria), where a project of democratic autonomy grounded in women’s emancipation has been unfolding for more than a decade. Conceptually developed by Abdullah Öcalan through his reading of Murray Bookchin’s communalism, this model seeks to transcend traditional state and patriarchal frameworks by organizing collective life around communes, councils, cooperatives, popular academies, and self-defense structures. The women’s revolution, regarded as a driving force behind this transformation, is grounded in jineology, a critical feminist science that reconnects historical knowledge and practices— particularly from the matri-focal Neolithic cultures of Mesopotamia—with the development of an ecological, democratic, and egalitarian society. The article demonstrates how these processes, driven by women’s self-organization through groups such as Kongra Star or Mala Jin, have profoundly reshaped social, familial, and political relations in Rojava, challenging patriarchal violence and asserting new rights. It also highlights the ongoing military, political, and ideological threats to this project, as well as the imperative to safeguard these experiments as alternatives to dominant capitalist and patriarchal modernity. |
| 786 0# - DATA SOURCE ENTRY | |
| Note | Participations | 42 | 2 | 2026-02-05 | p. 223-250 | 2034-7650 |
| 856 41 - ELECTRONIC LOCATION AND ACCESS | |
| Uniform Resource Identifier | <a href="https://shs.cairn.info/journal-participations-2025-2-page-223?lang=en&redirect-ssocas=7080">https://shs.cairn.info/journal-participations-2025-2-page-223?lang=en&redirect-ssocas=7080</a> |
Pas d'exemplaire disponible.




Réseaux sociaux